Statistics for Famous Swiss A-Z #1

Click here to take the quiz!

General Stats

  • This quiz has been taken 38 times
  • The average score is 8 of 25

Answer Stats

HintAnswer% Correct
20 times Grand Slam winnerRoger Federer
90%
Mathematician discovering the number "e"Leonhard Euler
73%
Soccer player playing for Arsenal Football ClubGranit Xhaka
63%
The first Bond GirlUrsula Andress
53%
Founder of analytical psychologyCarl Gustav Jung
47%
Five times Grand Slam winnerMartina Hingis
47%
Current FIFA presidentGianni Infantino
43%
Founder of the Red CrossHenry Dunant
40%
Olympic gold medallist in cycling (time trial)Fabian Cancellara
37%
Auther of The Social ContractJean-Jacques Rousseau
37%
Former soccer player and coach of the Swiss national teamMurat Yakin
37%
Completed the first non-stop balloon flight around the globeBertrand Piccard
33%
Leader of the Reformation in SwitzerlandHuldrych Zwingli
30%
Sculptor known for his kinetic art sculptural machinesJean Tinguely
23%
Phycisist famous for his works on nuclear magnetic resonanceFelix Bloch
17%
First woman in the Federal CouncilElisabeth Kopp
13%
Designer of the Alien from the movie AlienHans Rudolf Giger
13%
First Swiss astronautClaude Nicollier
10%
Bernese German musical artistMani Matter
10%
Turing award winner and inventor of PascalNiklaus Wirth
10%
Olympic Gold medallist in skiing (slalom)Vreni Schneider
10%
Politician serving 13 years in the Federal CouncilAdolf Ogi
7%
Discoverer of the first exoplanet orbiting a Sun-like starDidier Queloz
7%
One of the three Founding Fathers of SwitzerlandArnold von Melchtal
3%
Multiple World Champion in orienteeringSimone Luder
3%

Score Distribution

Percentile by Number Answered

Percent of People with Each Score

Your Score History

You have not taken this quiz